Engineering Drawing (Record no. 8080)
[ view plain ]
| 000 -LEADER | |
|---|---|
| fixed length control field | 00281nam a2200121Ia 4500 |
| 008 - FIXED-LENGTH DATA ELEMENTS--GENERAL INFORMATION | |
| fixed length control field | 191201s2012 xx 000 0 und d |
| 100 ## - MAIN ENTRY--PERSONAL NAME | |
| Personal name | GILL,P S |
| 245 #0 - TITLE STATEMENT | |
| Title | Engineering Drawing |
| 250 ## - EDITION STATEMENT | |
| Edition statement | 11th |
| 260 ## - PUBLICATION, DISTRIBUTION, ETC. (IMPRINT) | |
| Date of publication, distribution, etc | 2012 |
| Name of publisher, distributor, etc | S.K.Kataria |
| Place of publication, distribution, etc | NEW DELHI |
| 300 ## - PHYSICAL DESCRIPTION | |
| Extent | 678 |
| 942 ## - ADDED ENTRY ELEMENTS (KOHA) | |
| Source of classification or shelving scheme | Dewey Decimal Classification |
| Koha item type | Text Books |
| 942 ## - ADDED ENTRY ELEMENTS (KOHA) | |
| -- | 11 |
| Withdrawn status | Lost status | Source of classification or shelving scheme | Damaged status | Not for loan | Collection code | Home library | Current library | Date acquired | Source of acquisition | Cost, normal purchase price | Bill Number | Total Checkouts | Full call number | Acc. no. / Barcode | Date last seen | Date last borrowed | Bill Date | Koha item type | Checked out |
|---|---|---|---|---|---|---|---|---|---|---|---|---|---|---|---|---|---|---|---|
| Dewey Decimal Classification | Diploma in Mechanical | PIET C-LIBRARY | PIET C-LIBRARY | 12/09/2012 | IBH, New Delhi | 350.00 | 11084 | 1 | 604.2 GIE | DE484 | 10/04/2021 | 01/04/2021 | 12/09/2012 | Text Books | |||||
| Dewey Decimal Classification | Diploma in Mechanical | PIET C-LIBRARY | PIET C-LIBRARY | 12/09/2012 | IBH, New Delhi | 350.00 | 11084 | 604.2 GIE | DE485 | 04/12/2019 | 12/09/2012 | Text Books | |||||||
| Dewey Decimal Classification | Diploma in Mechanical | PIET C-LIBRARY | PIET C-LIBRARY | 12/09/2012 | IBH, New Delhi | 350.00 | 11084 | 604.2 GIE | DE486 | 04/12/2019 | 12/09/2012 | Text Books | |||||||
| Dewey Decimal Classification | Diploma in Mechanical | PIET C-LIBRARY | PIET C-LIBRARY | 12/09/2012 | IBH, New Delhi | 350.00 | 11084 | 604.2 GIE | DE487 | 04/12/2019 | 12/09/2012 | Text Books | |||||||
| Dewey Decimal Classification | Diploma in Mechanical | PIET C-LIBRARY | PIET C-LIBRARY | 12/09/2012 | IBH, New Delhi | 350.00 | 11084 | 1 | DE488 | 27/10/2020 | 27/10/2020 | 12/09/2012 | Text Books | 10/11/2020 | |||||
| Dewey Decimal Classification | Diploma in Mechanical | PIET C-LIBRARY | PIET C-LIBRARY | 12/09/2012 | IBH, New Delhi | 350.00 | 11084 | 604.2 GIE | DE489 | 04/12/2019 | 12/09/2012 | Text Books | |||||||
| Dewey Decimal Classification | Diploma in Mechanical | PIET C-LIBRARY | PIET C-LIBRARY | 12/09/2012 | IBH, New Delhi | 350.00 | 11084 | 604.2 GIE | DE490 | 04/12/2019 | 12/09/2012 | Text Books | |||||||
| Dewey Decimal Classification | Diploma in Mechanical | PIET C-LIBRARY | PIET C-LIBRARY | 12/09/2012 | IBH, New Delhi | 350.00 | 11084 | 604.2 GIE | DE491 | 04/12/2019 | 12/09/2012 | Text Books | |||||||
| Dewey Decimal Classification | Diploma in Mechanical | PIET C-LIBRARY | PIET C-LIBRARY | 12/09/2012 | IBH, New Delhi | 350.00 | 11084 | 604.2 GIE | DE492 | 04/12/2019 | 12/09/2012 | Text Books | |||||||
| Dewey Decimal Classification | Diploma in Mechanical | PIET C-LIBRARY | PIET C-LIBRARY | 12/09/2012 | IBH, New Delhi | 350.00 | 11084 | 604.2 GIE | DE493 | 04/12/2019 | 12/09/2012 | Text Books | |||||||
| Dewey Decimal Classification | Diploma in Mechanical | PIET C-LIBRARY | PIET C-LIBRARY | 12/09/2012 | IBH, New Delhi | 350.00 | 11084 | 1 | DE494 | 27/10/2020 | 27/10/2020 | 12/09/2012 | Text Books | 10/11/2020 | |||||
| Dewey Decimal Classification | Diploma in Mechanical | PIET C-LIBRARY | PIET C-LIBRARY | 12/09/2012 | IBH, New Delhi | 350.00 | 11084 | 1 | 604.2 GIE | DE495 | 24/12/2019 | 23/12/2019 | 12/09/2012 | Text Books | |||||
| Dewey Decimal Classification | Diploma in Mechanical | PIET C-LIBRARY | PIET C-LIBRARY | 12/09/2012 | IBH, New Delhi | 350.00 | 11084 | 604.2 GIE | DE496 | 04/12/2019 | 12/09/2012 | Text Books | |||||||
| Dewey Decimal Classification | Diploma in Mechanical | PIET C-LIBRARY | PIET C-LIBRARY | 12/09/2012 | IBH, New Delhi | 350.00 | 11084 | 1 | 604.2 GIE | DE497 | 01/01/2020 | 24/12/2019 | 12/09/2012 | Text Books | |||||
| Dewey Decimal Classification | Diploma in Mechanical | PIET C-LIBRARY | PIET C-LIBRARY | 12/09/2012 | IBH, New Delhi | 350.00 | 11084 | 1 | 604.2 GIE | DE498 | 31/12/2019 | 19/12/2019 | 12/09/2012 | Text Books | |||||
| Dewey Decimal Classification | Diploma in Mechanical | PIET C-LIBRARY | PIET C-LIBRARY | 12/09/2012 | IBH, New Delhi | 350.00 | 11084 | 604.2 GIE | DE499 | 04/12/2019 | 12/09/2012 | Text Books | |||||||
| Dewey Decimal Classification | Diploma in Mechanical | PIET C-LIBRARY | PIET C-LIBRARY | 12/09/2012 | IBH, New Delhi | 350.00 | 11084 | 1 | 604.2 GIE | DE500 | 03/03/2020 | 12/02/2020 | 12/09/2012 | Text Books | |||||
| Dewey Decimal Classification | Diploma in Mechanical | PIET C-LIBRARY | PIET C-LIBRARY | 12/09/2012 | IBH, New Delhi | 350.00 | 11084 | 604.2 GIE | DE501 | 04/12/2019 | 12/09/2012 | Text Books | |||||||
| Dewey Decimal Classification | Diploma in Mechanical | PIET C-LIBRARY | PIET C-LIBRARY | 12/09/2012 | IBH, New Delhi | 350.00 | 11084 | 1 | DE502 | 12/10/2020 | 12/10/2020 | 12/09/2012 | Text Books | 26/10/2020 | |||||
| Dewey Decimal Classification | Diploma in Mechanical | PIET C-LIBRARY | PIET C-LIBRARY | 12/09/2012 | IBH, New Delhi | 350.00 | 11084 | 2 | 604.2 GIE | DE503 | 24/12/2019 | 18/12/2019 | 12/09/2012 | Text Books | |||||
| Dewey Decimal Classification | Diploma in Mechanical | PIET C-LIBRARY | PIET C-LIBRARY | 12/09/2012 | IBH, New Delhi | 350.00 | 11084 | 604.2 GIE | DE504 | 04/12/2019 | 12/09/2012 | Text Books | |||||||
| Dewey Decimal Classification | Diploma in Mechanical | PIET C-LIBRARY | PIET C-LIBRARY | 12/09/2012 | IBH, New Delhi | 350.00 | 11084 | 604.2 GIE | DE505 | 04/12/2019 | 12/09/2012 | Text Books | |||||||
| Dewey Decimal Classification | Diploma in Mechanical | PIET C-LIBRARY | PIET C-LIBRARY | 12/09/2012 | IBH, New Delhi | 350.00 | 11084 | 1 | 604.2 GIE | DE506 | 22/07/2021 | 24/03/2021 | 12/09/2012 | Text Books | |||||
| Dewey Decimal Classification | Diploma in Mechanical | PIET C-LIBRARY | PIET C-LIBRARY | 12/09/2012 | IBH, New Delhi | 350.00 | 11084 | 1 | 604.2 GIE | DE507 | 24/03/2021 | 05/03/2021 | 12/09/2012 | Text Books | |||||
| Dewey Decimal Classification | Diploma in Mechanical | PIET C-LIBRARY | PIET C-LIBRARY | 12/09/2012 | IBH, New Delhi | 350.00 | 11084 | 604.2 GIE | DE508 | 04/12/2019 | 12/09/2012 | Text Books | |||||||
| Dewey Decimal Classification | Diploma in Mechanical | PIET C-LIBRARY | PIET C-LIBRARY | 12/09/2012 | IBH, New Delhi | 350.00 | 11084 | 604.2 GIE | DE509 | 04/12/2019 | 12/09/2012 | Text Books | |||||||
| Dewey Decimal Classification | Diploma in Mechanical | PIET C-LIBRARY | PIET C-LIBRARY | 12/09/2012 | IBH, New Delhi | 350.00 | 11084 | 604.2 GIE | DE510 | 04/12/2019 | 12/09/2012 | Text Books | |||||||
| Dewey Decimal Classification | Diploma in Mechanical | PIET C-LIBRARY | PIET C-LIBRARY | 12/09/2012 | IBH, New Delhi | 350.00 | 11084 | 604.2 GIE | DE511 | 24/12/2019 | 12/09/2012 | Text Books | |||||||
| Dewey Decimal Classification | Diploma in Mechanical | PIET C-LIBRARY | PIET C-LIBRARY | 12/09/2012 | IBH, New Delhi | 350.00 | 11084 | 1 | 604.2 GIE | DE512 | 27/08/2024 | 08/08/2024 | 12/09/2012 | Text Books | |||||
| Dewey Decimal Classification | Diploma in Mechanical | PIET C-LIBRARY | PIET C-LIBRARY | 12/09/2012 | IBH, New Delhi | 350.00 | 11084 | 604.2 GIE | DE513 | 04/12/2019 | 12/09/2012 | Text Books |